000 00301nam a22001337a 4500
003 SGT
020 _a9781138367623
082 _a615
_bNAS
100 _aNASH ROBERT A
245 _a PHARMACEUTICAL PROCESS VALIDATION
260 _aNEW YORK
_bCRC PRESS PUB
_c2025
300 _a860
942 _2ddc
_cBK
999 _c34497
_d34497